|
|
|
|
| LEADER |
00000cam a22000004a 4500 |
| 001 |
musev2_77447 |
| 003 |
MdBmJHUP |
| 005 |
20230905052006.0 |
| 006 |
m o d |
| 007 |
cr||||||||nn|n |
| 008 |
131010s1994 nju o 00 0 eng d |
| 020 |
|
|
|a 9780691218182
|
| 020 |
|
|
|z 9780691078311
|
| 020 |
|
|
|z 9780691023144
|
| 035 |
|
|
|a (OCoLC)1273306730
|
| 040 |
|
|
|a MdBmJHUP
|c MdBmJHUP
|
| 100 |
1 |
|
|a Euben, J. Peter.
|0 (DE-588)151448671
|
| 245 |
1 |
4 |
|a The Tragedy of Political Theory :
|b The Road Not Taken /
|c J. Peter Euben.
|
| 250 |
|
|
|a 2. printing, with corr.
|
| 264 |
|
1 |
|a Princeton, NJ :
|b Princeton Univ. Press,
|c 1994.
|
| 264 |
|
3 |
|a Baltimore, Md. :
|b Project MUSE,
|c 2021
|
| 264 |
|
4 |
|c ©1994.
|
| 300 |
|
|
|a 1 online resource.
|
| 336 |
|
|
|a text
|b txt
|2 rdacontent
|
| 337 |
|
|
|a computer
|b c
|2 rdamedia
|
| 338 |
|
|
|a online resource
|b cr
|2 rdacarrier
|
| 588 |
|
|
|a Description based on print version record.
|
| 650 |
|
7 |
|a Tragedie grecque
|x Historiographie.
|2 ram
|
| 650 |
|
7 |
|a Theâtre politique grec.
|2 ram
|
| 650 |
|
7 |
|a Theâtre grec
|x Histoire et critique.
|2 ram
|
| 650 |
|
7 |
|a Politique et litterature
|x Grece.
|2 ram
|
| 650 |
0 |
7 |
|a Tragödie.
|0 (DE-588)4060591-7
|2 gnd
|
| 650 |
0 |
7 |
|a Staatslehre.
|0 (DE-588)4077784-4
|2 gnd
|
| 650 |
0 |
7 |
|a Politische Theorie.
|0 (DE-588)4046563-9
|2 gnd
|
| 650 |
0 |
7 |
|a Politik.
|0 (DE-588)4046514-7
|2 gnd
|
| 650 |
0 |
7 |
|a Griechisch.
|0 (DE-588)4113791-7
|2 gnd
|
| 650 |
|
7 |
|a Tragedies.
|2 gtt
|
| 650 |
|
7 |
|a Politieke ideeën.
|2 gtt
|
| 650 |
|
7 |
|a Klassieke oudheid.
|2 gtt
|
| 650 |
|
7 |
|a Grieks.
|2 gtt
|
| 650 |
|
4 |
|a Tragedie grecque
|x Histoire et critique.
|
| 650 |
|
4 |
|a Theâtre politique grec
|x Histoire et critique.
|
| 650 |
|
4 |
|a Teatro político griego
|x Historia y crítica.
|
| 650 |
|
4 |
|a Política y literatura
|x Grecia.
|
| 650 |
|
4 |
|a Politique et litterature
|x Grece.
|
| 650 |
|
4 |
|a Idees politiques
|x Grece
|x Histoire.
|
| 651 |
|
7 |
|a Griechenland (Altertum)
|0 (DE-588)4093976-5
|2 gnd
|
| 651 |
|
4 |
|a Grece
|x Politique et gouvernement.
|
| 651 |
|
4 |
|a Grecia
|x Política y gobierno.
|
| 655 |
|
7 |
|a Electronic books.
|2 local
|
| 710 |
2 |
|
|a Project Muse.
|e distributor
|
| 830 |
|
0 |
|a Book collections on Project MUSE.
|
| 856 |
4 |
0 |
|z Texto completo
|u https://projectmuse.uam.elogim.com/book/77447/
|
| 945 |
|
|
|a Project MUSE - Custom Collection
|